00393nam a2200145Ia 4500003000400000008004100004040001600045082001800061100002000079245006500099300001000164490002500174650001900199650002900218GCL140319s9999 xx 000 0 ara d aGCL / cGCL04a338.47bع د1 aعزب احمد10aالوجه السياسى للبترول / cعزب احمد a45 ص aاخترنا لكv004aالبترول04aحرب اكتوبر 1973